Lo Svolgimento della forma metrica della poesia lirica italiana dell'ottocento / W. Theodor Elwert...
Descripción Física:
p. 113 a 133 ; 25 cm
Materias:
Poesia italiana -- S. XIX
MARC
| LEADER | 00000nam a2200000Ia 4500 | ||
|---|---|---|---|
| 001 | 11431 | ||
| 008 | 160829s1949 - 1950 xx 000 0 cat d | ||
| 080 | |a FU-13-2 | ||
| 100 | |a Elwert, W. Theodor |9 30069 | ||
| 245 | |a Lo Svolgimento della forma metrica della poesia lirica italiana dell'ottocento / W. Theodor Elwert... | ||
| 260 | |a Barcelona : |b Institut d'Estudis Catalans, |c 1949 - 1950 | ||
| 300 | |a p. 113 a 133 ; |c 25 cm | ||
| 590 | |a Separata d''Estudis Romànics', 2 | ||
| 650 | |a Poesia italiana |x S. XIX |9 30070 | ||
| 710 | 2 | |a Institut d'Estudis Catalans |9 52284 | |
| 856 | 4 | |u https://media.diba.cat/diba/fitxers/arxiu/fulletons/bib_11431_baixa.pdf |y Accés lliure | |
| 856 | 4 | |u https://media.diba.cat/diba/fitxers/arxiu/fulletons/bib_11431_baixa.pdf |y Accés lliure | |
| 901 | |a Arxiu | ||
| 942 | |n 1 |2 udc | ||
| 952 | |0 0 |1 0 |4 0 |6 FU132 |7 1 |9 45243 |a Arxiu |b Arxiu |d 2016-12-01 |l 0 |o FU-13-2 |p 11431 |r 2016-12-01 00:00:00 |w 2016-12-01 |y ARXIU | ||
| 999 | |c 48317 |d 48317 | ||
| 900 | |a bib_11431_baixa.pdf | ||